Responses for Show #6581 - Monday, April 8, 2013

Contestants

[<< previous game]

Anne Hardiman, a lawyer from Houston, Texas

Mark Richardson, an actor and Internet marketer originally from Staunton, Virginia

Salvo Candela, a university administrator from New York, New York (whose 2-day cash winnings total $47,295)

[next game >>]

Jeopardy! Round responses

GRAPHIC NOVELS
WHICH RELIGION'S HOLIDAY?
STATE QUARTERS
GATES
ON BASS & VOCALS
ENDS IN "SH"
    $200 26
cats

Mark
    $200 1
Christianity

Salvo
    $200 12
Georgia

Salvo
    $200 21
Bill Gates

Salvo
    $200 8
Sting

Anne
    $200 6
a skirmish

Salvo
    $400 27
Iran

Anne
    $400 2
(Mark: What is Hinduism?)

Buddhism

SalvoMark
    $400 13
Vermont

Anne
    $400 22
the Golden Gate

Salvo
    $400 16
Pink Floyd

Mark
    $400 7
gnash

Mark
    $600 28
The Real World

Salvo
    $600 3
Hinduism

Anne
    $600 14
(Anne: What is Arizona?)

New Mexico

Anne
    $600 23
(Henry) Louis Gates

Anne
    $600 17
Gene Simmons

Mark
    $600 9
posh

Salvo
    $800 29
Washington

Mark
    $800 4
Judaism

Mark
    $800 15
New Hampshire

Mark
    $800 24
the Brandenburg Gate

Anne
    $800 18
Rush

Mark
    $800 10
slush

Salvo
    $1000 30
Alan Moore

Triple Stumper
    $1000 5
(Salvo: ...I don't know. Sorry.)

Mormonism (Church of Latter Day Saints)

SalvoAnne
    $1000 20
Kentucky

Salvo
    $1000 25
Robert Gates

Mark
    $1000 19
Spalding

Triple Stumper
    $1000 11
rubbish

Salvo

Scores at the first commercial break (after clue 14):

Salvo Mark Anne
$2,400 $800 $1,600

Scores at the end of the Jeopardy! Round:

Salvo Mark Anne
$4,600 $5,400 $3,400

Double Jeopardy! Round responses

GRAPHIC NOVELS
SYNONYMS
"CH"OW
(Alex: Each correct response will begin with "C-H".)
EUROPE
MISNAMED ANIMALS
INSPIRED BRITISH COMEDY
(Alex: We will name a British show for you, and you have to tell us what was the American program that the Brits modeled their show on.)
    $400 9
(Mark: What is X?)

O

MarkAnne
    $400 12
rollerblade

Salvo
    $400 6
cheddar

Salvo
    $400 1
Italy

Salvo
    $400 14
a koala

Salvo
    $400 22
Married... with Children

Mark
    $800 27
Lady Chatterley

Anne
    $800 13
(Mark: What is waiting?)

anticipation

MarkAnne
    $800 7
chiffon

Salvo
    $800 2
East Germany

Salvo
    $800 15
a Guinea pig

Salvo
    $800 23
Who's the Boss?

Salvo
    $1200 28
The Casual Vacancy

Triple Stumper
    $1,500 19
(Salvo: What is 'chorale'?)

refrain

Salvo
    $1200 8
chorizo

Mark
    $1200 3
Scandinavia

Salvo
    $1200 16
a prairie dog

Salvo
    $1200 24
Golden Girls

Salvo
    $1600 29
Portnoy's Complaint

Triple Stumper
    $1600 20
panther

Mark
    $1600 10
a cherrystone

Triple Stumper
    $1600 4
(Mark: What is the Seine?)

the Rhine

Mark
Triple Stumper
    $1600 17
flying

Salvo
    $1600 25
(Mark: What is... Boy Meets World?)

That '70s Show

Mark
Triple Stumper
    $2000 30
Peyton Place

Anne
    $2000 21
(Mark: What is boot?)

punt

MarkAnne
    $2000 11
chanterelle

Salvo
    $3,000 5
Moscow

Salvo
    $2000 18
a titmouse

Salvo
    $2000 26
Good Times

Triple Stumper

Scores at the end of the Double Jeopardy! Round:

Salvo Mark Anne
$20,100 $2,200 $9,400
(lock game)

[wagering suggestions for these scores]

Final Jeopardy! Round responses

ART
MarkWhat is Fauvism?
$800
AnneWhat us impressionism?
$0
SalvoWhat is modernism?
$1,200
Impressionism

Final scores:

Salvo Mark Anne
$18,900 $1,400 $9,400
3-day champion: $66,195 3rd place: $1,000 2nd place: $2,000

Game dynamics:

Coryat scores:

Salvo Mark Anne
$20,600 $2,200 $10,000
26 R
(including 1 DD),
2 W
(including 1 DD)
12 R,
6 W
12 R,
1 W
(including 1 DD)

Combined Coryat: $32,800

[game clues] [game scores] [suggest correction]

Game tape date: 2012-11-28
The J! Archive is created by fans, for fans. Scraping, republication, monetization, and malicious use prohibited; this site may use cookies and collect identifying information. See terms. The Jeopardy! game show and all elements thereof, including but not limited to copyright and trademark thereto, are the property of Jeopardy Productions, Inc. and are protected under law. This website is not affiliated with, sponsored by, or operated by Jeopardy Productions, Inc. Join the discussion at JBoard.tv.